| 000 | 00766nam a22002057a 4500 | ||
|---|---|---|---|
| 999 |
_c9752 _d9752 |
||
| 003 | AR-CdUCM | ||
| 008 | 190328b ||||| |||| 00| 0 spa d | ||
| 040 |
_aMUNICIPALIDAD PROVINCIAL DEL CUSCO _cBIBLIOTECA MUNICIPAL DEL CUSCO |
||
| 082 |
_a657.3 / _bC563 / 1949 |
||
| 100 |
_aCholvis, Francisco _920730 |
||
| 245 | _aAnálisis de Estados Económicos y Financieros / | ||
| 260 |
_aBuenos Aires : _bEl Ateneo ; _c1949. |
||
| 300 |
_a372 páginas ; _c22cm |
||
| 505 | _aContenido: Las investigaciones económico-financieras -- Metodología de la investigación --Capital, reservas y Pasivo -- El capital fijo -- El capital circulante... | ||
| 650 |
_aCapital _95056 |
||
| 650 |
_aEconomía _9382 |
||
| 650 |
_aFinanzas _94496 |
||
| 942 |
_2ddc _cLIBROS |
||
| 945 | _anom | ||